<?xml version="1.0" encoding="UTF-8"?>
<record
    xmlns:xsi="http://www.w3.org/2001/XMLSchema-instance"
    xsi:schemaLocation="http://www.loc.gov/MARC21/slim http://www.loc.gov/standards/marcxml/schema/MARC21slim.xsd"
    xmlns="http://www.loc.gov/MARC21/slim">

  <leader>00777nam a2200241 a 4500</leader>
  <controlfield tag="001">00009634</controlfield>
  <controlfield tag="008">110328s2002    flua   g      000 0 eng d</controlfield>
  <datafield tag="020" ind1=" " ind2=" ">
    <subfield code="a">0849304393 :</subfield>
    <subfield code="c">UKP54.99</subfield>
  </datafield>
  <datafield tag="040" ind1=" " ind2=" ">
    <subfield code="a">BD-Dh-IUB</subfield>
    <subfield code="c">BD-Dh-IUB</subfield>
  </datafield>
  <datafield tag="082" ind1="0" ind2="4">
    <subfield code="a">306.46</subfield>
    <subfield code="2">19</subfield>
  </datafield>
  <datafield tag="100" ind1="1" ind2=" ">
    <subfield code="a">Letourneau, Deborah K (ed)</subfield>
  </datafield>
  <datafield tag="245" ind1="0" ind2="0">
    <subfield code="a">Genetically Engineered Organisms :</subfield>
    <subfield code="b">assessing environmental and human health effects  /</subfield>
    <subfield code="c">Deborah K (ed)  Letourneau, Beth Elphern (ed)  Burrows </subfield>
  </datafield>
  <datafield tag="250" ind1=" " ind2=" ">
    <subfield code="a">1st ed.</subfield>
  </datafield>
  <datafield tag="260" ind1=" " ind2=" ">
    <subfield code="a">Boca Raton,</subfield>
    <subfield code="c">2002.</subfield>
  </datafield>
  <datafield tag="300" ind1=" " ind2=" ">
    <subfield code="a">438p :</subfield>
    <subfield code="b">ill. ;</subfield>
    <subfield code="c">26cm</subfield>
  </datafield>
  <datafield tag="520" ind1="0" ind2=" ">
    <subfield code="a">Environment Management</subfield>
  </datafield>
  <datafield tag="556" ind1=" " ind2=" ">
    <subfield code="a">16\06\04</subfield>
  </datafield>
  <datafield tag="650" ind1="1" ind2="7">
    <subfield code="a">Risk Assessment</subfield>
    <subfield code="2">Spines</subfield>
  </datafield>
  <datafield tag="650" ind1="1" ind2="7">
    <subfield code="a">Human Health</subfield>
    <subfield code="2">Spines</subfield>
  </datafield>
  <datafield tag="700" ind1="1" ind2=" ">
    <subfield code="a"> Burrows, Beth Elphern (ed)</subfield>
  </datafield>
  <datafield tag="999" ind1=" " ind2=" ">
    <subfield code="c">2750</subfield>
    <subfield code="d">2750</subfield>
  </datafield>
  <datafield tag="526" ind1=" " ind2=" ">
    <subfield code="b">ph</subfield>
  </datafield>
  <datafield tag="952" ind1=" " ind2=" ">
    <subfield code="0">0</subfield>
    <subfield code="1">0</subfield>
    <subfield code="2">ddc</subfield>
    <subfield code="4">0</subfield>
    <subfield code="7">0</subfield>
    <subfield code="a">IUBL</subfield>
    <subfield code="b">IUBL</subfield>
    <subfield code="c">GEN</subfield>
    <subfield code="d">2011-04-21</subfield>
    <subfield code="e">Ahsania Mission</subfield>
    <subfield code="g">0.00</subfield>
    <subfield code="l">0</subfield>
    <subfield code="o">306.46 G328</subfield>
    <subfield code="p">014885</subfield>
    <subfield code="r">2011-05-16 00:00:00</subfield>
    <subfield code="t">1</subfield>
    <subfield code="w">2011-05-16</subfield>
    <subfield code="y">BK</subfield>
  </datafield>
</record>
